Statistika pro obchod a hospodářství
Gespeichert in:
| 1. Verfasser: | |
|---|---|
| Weitere Verfasser: | , |
| Format: | Buch |
| Sprache: | Tschechisch |
| Veröffentlicht: |
Praha
Victoria Publ.
[1993]
|
| Ausgabe: | 1. vyd. |
| Schlagworte: | |
| Tags: |
Keine Tags, Fügen Sie das erste Tag hinzu!
|
MARC
| LEADER | 00000nam a2200000 4500 | ||
|---|---|---|---|
| 001 | c002857 | ||
| 005 | 20221206075655.2 | ||
| 020 | |a 80-85605-09-0 | ||
| 041 | 0 | |a cze | |
| 044 | |a CZ | ||
| 245 | 1 | 0 | |a Statistika pro obchod a hospodářství |c Thomas H. Wonnacott, Ronald J. Wonnacott ; [Z angl. prel.] Igor Indruch |
| 250 | |a 1. vyd. | ||
| 264 | 1 | |a Praha |b Victoria Publ. |c [1993] | |
| 300 | |a 891 s. | ||
| 610 | 2 | 0 | |a štatistika |
| 610 | 2 | 0 | |a teória pravdepodobnosti |
| 610 | 2 | 0 | |a zisťovanie výberové |
| 610 | 2 | 0 | |a metódy štatistické |
| 610 | 2 | 0 | |a štatistika matematická |
| 610 | 2 | 0 | |a odhad štatistický |
| 610 | 2 | 0 | |a teória rozhodovania |
| 610 | 2 | 0 | |a indexy |
| 610 | 2 | 0 | |a rady časové |
| 610 | 2 | 0 | |a metóda štvorcov najmenších |
| 610 | 2 | 0 | |a štatistika ekonomická |
| 100 | 1 | |a Wonnacott, Thomas H. | |
| 700 | 1 | |a Wonnacott, Ronald J. | |
| 700 | 1 | |a Indruch, Igor | |